00604nam a2200157 a 4500008004100000050002200041100002000063245003600083246003200119260004000151300001500191350000900206995008400215999001700299952013000316120416s1978 ||||||||||||||||| || u aHF 5549.5.O44 Wal aWalker, James W14aThe end of mandatory retirement aimplications for management aNew YorkbJohn Wiley and Sonsc1978 axvi, 223p. a0.00 D0.00FCBU-MAIN LIBRARY (Kitwe)H1I0.00UAVAILABLEZAnnex Low-Usage Collection  c41837d41837 00102lcc4070a001b001cAnnex Low-Usage Collection d2022-11-30l0oHF 5549.5.O44 Walp005406r2022-11-30w2022-11-30y002